000 00695cam a22002413a 4500
001 6425
003 PGUSA
005 20140828083132.0
008 040901s2004||||xxu|||||s|||||000 1 eng d
040 _aPGUSA
_beng
042 _adc
050 4 _aPS
100 1 _aBeach, Rex,
_d1877-1949
245 1 0 _aFlowing Gold
_h[electronic resource] /
_cRex Beach
260 _bProject Gutenberg,
_c2004
506 _aPublic domain in the USA.
516 _aElectronic text
653 _aTexas -- History -- 20th century -- Fiction
653 _aPetroleum industry and trade -- Texas -- Fiction
830 0 _aProject Gutenberg
_v6425
856 4 0 _uhttp://www.gutenberg.org/ebooks/6425
942 _cEB
999 _c235748
_d235748